How to manage your money

People often try managing their money apart from God's plan. Bad plan. Until people have an attitude change about money, it will continue to control and confuse them. How to Manage Your Money is an excellent tool to get readers on track toward a liberated financial life. This newly re-packaged...

全面介绍

Đã lưu trong:
书目详细资料
主要作者: Henle, Faye
格式: 图书
语言:Undetermined
出版: Garden City, New York Nelson Doubleday 1965
主题:
标签: 添加标签
没有标签, 成为第一个标记此记录!
Thư viện lưu trữ: Trung tâm Học liệu Trường Đại học Cần Thơ
LEADER 00918nam a2200193Ia 4500
001 CTU_43175
008 210402s9999 xx 000 0 und d
082 |a 332.024 
082 |b H514 
100 |a Henle, Faye 
245 0 |a How to manage your money 
245 0 |c Faye Henle 
260 |a Garden City, New York 
260 |b Nelson Doubleday 
260 |c 1965 
520 |a People often try managing their money apart from God's plan. Bad plan. Until people have an attitude change about money, it will continue to control and confuse them. How to Manage Your Money is an excellent tool to get readers on track toward a liberated financial life. This newly re-packaged bestseller contains updated material, plus a step-by-step, in-depth study of God's principles for money management. 
650 |a Finance, pesonal,Investments 
904 |i Minh, 010830 
980 |a Trung tâm Học liệu Trường Đại học Cần Thơ